000 00982nam a2200253 a 4500
001 78490
003 BD-RjUL
005 20211209083132.0
008 210928s2011 bg a|||| m||| 00| 0 eng d
035 _a(BD-RjUL)78716
040 _aBD-RjUL
_beng
_cBD-RjUL
_dBD-RjUL
041 _aeng
082 _a155.24
_bKUA 2011
_223
100 _aKumar, Parimol
_9248576
245 1 0 _aAcademic Achievement as Related to Adjustment of the Undergraduate students /
_csubmitted by Parimol Kumar :
_6Supervisor ; Md. Mozibul Huq Azad Khan
260 _aRajshahi :
_bDepartment of Psychology, University of Rajshahi,
_c2011
300 _ax, 127 Leaves :
_bill ;
_c29 cm.
502 _aThesis (Ph. D.) -- Department of Psychology, University of Rajshahi, 2011
504 _aReferences : Leaves 100-111
650 _aAcademic achievement
_vPsychological aspects
_9248758
650 _aAdjustment (Psychology)
_9248759
700 _aKhan, Md. Mozibul Huq Azad, Supervisor
_9248578
942 _2ddc
_cTHE
999 _c78490
_d78490